000 00291nam a22001217a 4500
008 180512b xxu||||| |||| 00| 0 eng d
041 _aeng
080 _a043.3
100 _a0
101 _aSHKI-MA
245 _aProtokolet e Rutimit ne Rrjetat e AD-HOC Wireless
_cJaha, B
942 _2udc
_cBK
999 _c45722
_d45722